बुद्ध: (Record no. 208260)
[ view plain ]
| 000 -LEADER | |
|---|---|
| fixed length control field | 00894nam a22001937a 4500 |
| 005 - DATE AND TIME OF LATEST TRANSACTION | |
| control field | 20250110124554.0 |
| 010 ## - LCCN (DPL NO) | |
| LC control number | HIN-129206 |
| 020 ## - INTERNATIONAL STANDARD BOOK NUMBER | |
| Terms of availability | 195.00 |
| International Standard Book Number | 9788126728312 |
| 035 ## - SYSTEM CONTROL NUMBER | |
| System control number | HN-101552 |
| 037 ## - SOURCE OF ACQUISITION | |
| Source of stock number/acquisition | DBAD |
| 082 ## - DEWEY DECIMAL CLASSIFICATION NUMBER | |
| Classification number | उ |
| 100 ## - MAIN ENTRY--PERSONAL NAME | |
| Personal name | शिव के. कुमार |
| 245 ## - TITLE STATEMENT | |
| Title | बुद्ध: |
| Remainder of title | निर्वाण की राह पर / |
| Statement of responsibility, etc | शिव के. कुमार; प्रभात के. सिंह द्वारा अनुवादित |
| 260 ## - PUBLICATION, DISTRIBUTION, ETC. (IMPRINT) | |
| Place of publication, distribution, etc | नई दिल्ली |
| Name of publisher, distributor, etc | राजकमल पेपरबेक्स |
| Date of publication, distribution, etc | 2016 |
| 270 ## - ADDRESS | |
| Address | 1-बी, नेताजी सुभाष मार्ग, दरियागंज |
| City | नई दिल्ली |
| Postal code | 110002 |
| 300 ## - PHYSICAL DESCRIPTION | |
| Extent | 175पृ. |
| Dimensions | 22सेमी (अजिल्द ) |
| 700 ## - ADDED ENTRY--PERSONAL NAME | |
| 9 (RLIN) | 76171 |
| Personal name | प्रभात के. सिंह |
| 942 ## - ADDED ENTRY ELEMENTS (KOHA) | |
| Source of classification or shelving scheme | Dewey Decimal Classification |
| Item type | Hindi Books |
| Classification part | उ |
| Call number suffix | शिवके |
| Withdrawn status | Lost status | Not for loan | Collection code | Home library | Current library | Date acquired | Source of acquisition | Cost, normal purchase price | Full call number | Barcode | Copy number | Cost, replacement price | Koha item type |
|---|---|---|---|---|---|---|---|---|---|---|---|---|---|
| Fiction | Kadipur | Kadipur | 09/01/2025 | DBAD | 195.00 | उ शिवके | HN-101552 | 1 | 195.00 | Hindi Books |
